[Event "Quebec-ch qual 2"]
[Site "Montreal CAN"]
[Date "2004.06.05"]
[Round "3"]
[White "Julien, Gabi"]
[Black "Roy, Alain"]
[Result "1/2-1/2"]
[WhiteElo "1783"]
[BlackElo "2159"]
[PlyCount "99"]
[GameId "2160767911096303"]
[EventDate "2004.06.04"]
[EventType "swiss"]
[EventRounds "5"]
[EventCountry "CAN"]

1. e4 d6 2. d4 Nf6 3. Nc3 g6 4. Nf3 Bg7 5. Be3 O-O 6. Qd2 Bg4 7. O-O-O Nc6 8. h3 Bxf3 9. gxf3 e5 10. dxe5 dxe5 11. Qxd8 Rfxd8 12. f4 Rxd1+ 13. Kxd1 Nh5 14. fxe5 Bxe5 15. Kc1 Bf4 16. Bxf4 Nxf4 17. Ne2 Nxe2+ 18. Bxe2 Re8 19. Bd3 Nd4 20. h4 Ne6 21. Kd2 Kg7 22. Ke3 Nc5 23. Kd4 Nxd3 24. cxd3 Kh6 25. Rc1 c6 26. Rc5 f6 27. b4 Rd8+ 28. Ke3 a6 29. a4 Rd6 30. a5 Re6 31. f4 Re7 32. d4 f5 33. Re5 Rf7 34. d5 fxe4 35. d6 Kg7 36. Re6 Rd7 37. Kxe4 Rf7 38. Ke3 Kf8 39. Kf3 Rd7 40. Kg4 Rf7 41. Kf3 Kg8 42. Kg3 Rd7 43. Kg4 Rf7 44. Re7 Rxe7 45. dxe7 Kf7 46. Kg5 Kxe7 47. Kh6 Kf6 48. Kxh7 Kf7 49. Kh8 Kf8 50. Kh7 1/2-1/2

[Event "Quebec-ch qual 2"]
[Site "Montreal CAN"]
[Date "2004.06.05"]
[Round "3"]
[White "Lalonde, Paul"]
[Black "Rousseau, Daniel"]
[Result "0-1"]
[WhiteElo "1880"]
[BlackElo "2198"]
[PlyCount "119"]
[GameId "2160767911096305"]
[EventDate "2004.06.04"]
[EventType "swiss"]
[EventRounds "5"]
[EventCountry "CAN"]

1. e4 e5 2. Nf3 Nc6 3. Bb5 a6 4. Ba4 Nf6 5. O-O b5 6. Bb3 Bc5 7. c3 d6 8. d4 Bb6 9. d5 Ne7 10. Qe2 Ng6 11. a4 Bd7 12. axb5 axb5 13. Rxa8 Qxa8 14. Na3 O-O 15. Bc2 c6 16. dxc6 Bxc6 17. Nxb5 Nh5 18. Nxd6 Nhf4 19. Bxf4 Nxf4 20. Qc4 Bd7 21. Nxe5 Be6 22. Qc6 Qd8 23. Nf3 Bg4 24. e5 Be6 25. Qe4 Ng6 26. Rd1 Qc7 27. h4 Rb8 28. h5 Nf8 29. Ng5 Qa7 30. Rf1 Bd8 31. Nxh7 Rxb2 32. Nxf8 Kxf8 33. Qh7 Qd7 34. h6 gxh6 35. Qxh6+ Ke7 36. Qf6+ Kf8 37. Qh8+ Ke7 38. Bd3 Qc6 39. Ra1 Bb6 40. Qh4+ Kd7 41. Ne4 Bd8 42. Qg3 Bb6 43. Qf3 Kc7 44. Qd1 Bd5 45. Rb1 Ra2 46. Qf3 Bxf2+ 47. Kh1 Bb6 48. Qf4 Qe6 49. c4 Bc6 50. Rxb6 Kxb6 51. Qe3+ Kc7 52. Qd4 Qg6 53. Qd6+ Qxd6 54. exd6+ Kd7 55. c5 f5 56. Nf6+ Kd8 57. Bxf5 Rxg2 58. Bd7 Bf3 59. Bg4 Rxg4+ 60. Kh2 0-1

[Event "Quebec-ch qual 2"]
[Site "Montreal CAN"]
[Date "2004.06.05"]
[Round "3"]
[White "Laptos, Kris"]
[Black "Cloutier, Mathieu"]
[Result "1-0"]
[WhiteElo "2260"]
[BlackElo "1996"]
[PlyCount "69"]
[GameId "2160767911096306"]
[EventDate "2004.06.04"]
[EventType "swiss"]
[EventRounds "5"]
[EventCountry "CAN"]

1. e4 c6 2. d4 d5 3. exd5 cxd5 4. Bd3 Nf6 5. c3 g6 6. Bf4 Nc6 7. Nd2 Bg7 8. Ngf3 O-O 9. O-O Nh5 10. Bg5 Qc7 11. Re1 e5 12. dxe5 Nxe5 13. Nxe5 Bxe5 14. Nf3 Bg4 15. h3 Bxf3 16. Qxf3 d4 17. cxd4 Bxd4 18. Re7 Qb6 19. Rxb7 Bxf2+ 20. Kh1 Qd6 21. g4 Be3 22. Bxe3 Qxd3 23. gxh5 Rab8 24. Rd1 Qc2 25. Rxb8 Rxb8 26. Rf1 Qc4 27. b3 Qe6 28. Bxa7 Rc8 29. Bd4 Rc2 30. a4 Qd7 31. a5 f5 32. Rd1 Qd6 33. Bg1 Rd2 34. Rxd2 Qxd2 35. a6 1-0

[Event "Quebec-ch qual 2"]
[Site "Montreal CAN"]
[Date "2004.06.05"]
[Round "3"]
[White "Singher, Jean-Pierre"]
[Black "Rua, Alvaro"]
[Result "1-0"]
[WhiteElo "1946"]
[BlackElo "1741"]
[PlyCount "49"]
[GameId "2160767911096307"]
[EventDate "2004.06.04"]
[EventType "swiss"]
[EventRounds "5"]
[EventCountry "CAN"]

1. d4 Nf6 2. c4 e6 3. Nf3 c5 4. e3 d5 5. Nc3 Nc6 6. a3 a5 7. Bd3 Bd6 8. O-O O-O 9. Qe2 b6 10. Rd1 h6 11. b3 Bb7 12. Bc2 dxc4 13. bxc4 Qe7 14. Nb5 Rfd8 15. Rb1 Bc7 16. Bb2 Rac8 17. Nxc7 Qxc7 18. d5 exd5 19. Bxf6 gxf6 20. Nh4 Ne7 21. Qd3 Kf8 22. Qh7 Ng8 23. Nf5 Ke8 24. Qxg8+ Kd7 25. Qxf7+ 1-0

[Event "Quebec-ch qual 2"]
[Site "Montreal CAN"]
[Date "2004.06.06"]
[Round "4"]
[White "Fang, Ming"]
[Black "Singher, Jean-Pierre"]
[Result "1-0"]
[WhiteElo "1836"]
[BlackElo "1946"]
[PlyCount "57"]
[GameId "2160767911096308"]
[EventDate "2004.06.04"]
[EventType "swiss"]
[EventRounds "5"]
[EventCountry "CAN"]

1. e4 c5 2. Nf3 d6 3. d4 cxd4 4. Nxd4 Nf6 5. Nc3 a6 6. f4 e6 7. Bd3 Be7 8. Nf3 Nc6 9. O-O O-O 10. Qe1 e5 11. Nd5 Nxd5 12. exd5 f5 13. dxc6 e4 14. Bxe4 fxe4 15. Qxe4 Qb6+ 16. Kh1 Bf6 17. Qd5+ Kh8 18. Qxd6 Bg4 19. Bd2 Rfd8 20. Qb4 Qxc6 21. Ne5 Bxe5 22. fxe5 Qxc2 23. Qxg4 Qxd2 24. Rad1 Qxb2 25. Rxd8+ Rxd8 26. Qd7 Rg8 27. e6 Qe2 28. Qf7 Qxa2 29. e7 1-0

[Event "Quebec-ch qual 2"]
[Site "Montreal CAN"]
[Date "2004.06.06"]
[Round "4"]
[White "Malveau, Cedric"]
[Black "Bekteshi, Muhamet"]
[Result "0-1"]
[WhiteElo "1888"]
[BlackElo "2108"]
[PlyCount "64"]
[GameId "2160767911096309"]
[EventDate "2004.06.04"]
[EventType "swiss"]
[EventRounds "5"]
[EventCountry "CAN"]

1. d4 d5 2. c4 e6 3. Nf3 Nf6 4. Bg5 Be7 5. e3 Nbd7 6. Nc3 O-O 7. cxd5 exd5 8. Bd3 c6 9. O-O Re8 10. Rb1 Nf8 11. h3 Ng6 12. b4 a6 13. a4 h6 14. Bxf6 Bxf6 15. Qb3 Nh4 16. Nh2 Qd6 17. b5 axb5 18. axb5 Bd8 19. Ne2 Bc7 20. Ng3 Ra3 21. Qc2 Rxe3 22. fxe3 Qxg3 23. Nf3 Rxd3 24. Nxh4 Rxe3 25. Nf5 Qh2+ 26. Kf2 Rxh3 27. Ne7+ Kh8 28. Nxc8 Bg3+ 29. Ke3 Bf4+ 30. Ke2 Qxg2+ 31. Rf2 Re3+ 32. Kd1 Qg1+ 0-1

[Event "Quebec-ch qual 2"]
[Site "Montreal CAN"]
[Date "2004.06.06"]
[Round "4"]
[White "Rainton, Jean-Pierre"]
[Black "Bergeron, Marc"]
[Result "0-1"]
[WhiteElo "1479"]
[BlackElo "2018"]
[PlyCount "56"]
[GameId "2160767911096310"]
[EventDate "2004.06.04"]
[EventType "swiss"]
[EventRounds "5"]
[EventCountry "CAN"]

1. e4 Nc6 2. d4 d5 3. e5 Bf5 4. Nf3 e6 5. Be2 Be7 6. O-O h5 7. c4 dxc4 8. Bxc4 Bg4 9. Be3 Nh6 10. Nc3 Nf5 11. Bb5 Kf8 12. Bxc6 bxc6 13. Qa4 Bxf3 14. gxf3 Qd7 15. Qc4 Rb8 16. a3 Rxb2 17. Rfb1 Rxb1+ 18. Rxb1 g6 19. Rb7 Bxa3 20. Bg5 Be7 21. Bxe7+ Nxe7 22. Rxa7 Kg7 23. Ne4 Rd8 24. Nf6 Qxd4 25. Qxd4 Rxd4 26. Rxc7 Nd5 27. Ne8+ Kf8 28. Nd6 Nxc7 0-1

[Event "Quebec-ch qual 2"]
[Site "Montreal CAN"]
[Date "2004.06.06"]
[Round "4"]
[White "Rousseau, Daniel"]
[Black "Laptos, Kris"]
[Result "0-1"]
[WhiteElo "2198"]
[BlackElo "2260"]
[PlyCount "104"]
[GameId "2160767911096311"]
[EventDate "2004.06.04"]
[EventType "swiss"]
[EventRounds "5"]
[EventCountry "CAN"]

1. e4 e6 2. d4 c5 3. Nf3 cxd4 4. Nxd4 a6 5. Bd3 Qc7 6. O-O Nf6 7. Nc3 Nc6 8. Nxc6 dxc6 9. Qe2 e5 10. a4 Bg4 11. f3 Be6 12. Be3 Bb4 13. Nb1 O-O 14. Qf2 b5 15. Rc1 Qb7 16. Qg3 Bd6 17. Nc3 Nh5 18. Qh4 g6 19. Rd1 Nf4 20. Bf1 Rad8 21. h3 Be7 22. Qh6 Nh5 23. g4 Ng7 24. Bd3 f6 25. Qh4 h5 26. Qg3 hxg4 27. fxg4 Qb8 28. Rf1 b4 29. Nd1 c5 30. b3 Bxb3 31. Nb2 Bf7 32. Bxa6 Ne6 33. g5 fxg5 34. Rxf7 Rxf7 35. Bc4 Nf4 36. a5 Kg7 37. a6 Bf6 38. Ra5 Rc7 39. Qf3 Qb6 40. Ra1 Be7 41. Bb3 Rf8 42. Qg4 Ra7 43. Bc4 Qf6 44. Rd1 Rxa6 45. Rd7 Rd6 46. Bxc5 Rxd7 47. Qxd7 Nxh3+ 48. Qxh3 Bxc5+ 49. Kh1 Qf3+ 50. Qxf3 Rxf3 51. Nd3 Bd6 52. Ne1 Re3 0-1

[Event "Quebec-ch qual 2"]
[Site "Montreal CAN"]
[Date "2004.06.06"]
[Round "5"]
[White "Bekteshi, Muhamet"]
[Black "Rousseau, Daniel"]
[Result "0-1"]
[WhiteElo "2108"]
[BlackElo "2208"]
[PlyCount "100"]
[GameId "2160767911096312"]
[EventDate "2004.06.04"]
[EventType "swiss"]
[EventRounds "5"]
[EventCountry "CAN"]

1. d4 Nf6 2. Nf3 g6 3. g3 Bg7 4. Bg2 O-O 5. O-O d6 6. Re1 Nbd7 7. e4 e5 8. dxe5 dxe5 9. Nc3 c6 10. b3 Qa5 11. Bd2 Qc7 12. Na4 b5 13. Nb2 Nc5 14. Nh4 Rd8 15. Qc1 Bb7 16. Bh6 Bh8 17. c4 b4 18. Qc2 Qe7 19. Rad1 Ne6 20. Qc1 c5 21. f3 Nd7 22. Bh3 Nd4 23. Kg2 Nf8 24. Nd3 Bf6 25. Nf2 Nfe6 26. Bxe6 Nxe6 27. Ng4 Bxh4 28. gxh4 Qxh4 29. Be3 f5 30. Bf2 Qe7 31. exf5 gxf5 32. Rxd8+ Rxd8 33. Nh6+ Kh8 34. Rxe5 Qg7+ 35. Bg3 Nd4 36. Re7 Qxe7 37. Be5+ Qxe5 38. Nf7+ Kg7 39. Nxe5 Kf6 40. Qh6+ Kxe5 41. Qg7+ Kf4 42. Qc7+ Ke3 43. Qxd8 Bxf3+ 44. Kg3 f4+ 45. Kh4 Be4 46. Qe7 f3 47. Qxc5 f2 48. Qf8 Ke2 49. Qf4 Nf5+ 50. Kg5 Bd3 0-1

[Event "Quebec-ch qual 2"]
[Site "Montreal CAN"]
[Date "2004.06.06"]
[Round "5"]
[White "Bouchard, Jean-Marc"]
[Black "Fang, Ming"]
[Result "1-0"]
[WhiteElo "1944"]
[BlackElo "1836"]
[PlyCount "53"]
[GameId "2160767911096313"]
[EventDate "2004.06.04"]
[EventType "swiss"]
[EventRounds "5"]
[EventCountry "CAN"]

1. Nf3 c5 2. g3 d5 3. Bg2 Nc6 4. d4 cxd4 5. Nxd4 e5 6. Nxc6 bxc6 7. O-O Bc5 8. c4 Ne7 9. Nc3 Be6 10. cxd5 cxd5 11. Na4 Bd6 12. Be3 Qa5 13. a3 Bd7 14. Nc3 Bc6 15. b4 Qa6 16. Nxd5 Qb7 17. Nxe7 Bxg2 18. Qxd6 Bxf1 19. Nc6 Bh3 20. Qxe5+ Be6 21. Qxg7 Kd7 22. Qd4+ Kxc6 23. Rc1+ Kb5 24. Rc5+ Ka4 25. Ra5+ Kb3 26. Qd3+ Kb2 27. Bd4+ 1-0

[Event "Quebec-ch qual 2"]
[Site "Montreal CAN"]
[Date "2004.06.06"]
[Round "5"]
[White "Gosselin, Robert"]
[Black "Cloutier, Mathieu"]
[Result "0-1"]
[WhiteElo "1891"]
[BlackElo "1996"]
[PlyCount "122"]
[GameId "2160767911096314"]
[EventDate "2004.06.04"]
[EventType "swiss"]
[EventRounds "5"]
[EventCountry "CAN"]

1. e4 c5 2. Nf3 d6 3. d4 cxd4 4. Nxd4 Nf6 5. Nc3 a6 6. Be2 e5 7. Nb3 Be7 8. a4 O-O 9. O-O Qc7 10. f4 b6 11. f5 Bb7 12. Bf3 b5 13. axb5 axb5 14. Rxa8 Bxa8 15. Be3 Bc6 16. Qd3 Nbd7 17. Ra1 b4 18. Ra7 Qb8 19. Nd1 Bb5 20. Qd2 Re8 21. Na5 Qc8 22. Qxb4 Ba6 23. Qc3 Nc5 24. Bxc5 dxc5 25. Nb3 c4 26. Rxa6 Qxa6 27. Nd2 Rc8 28. g3 Bc5+ 29. Kg2 Bd4 30. Qb4 Qb6 31. Qxb6 Bxb6 32. c3 Ne8 33. Be2 Nd6 34. Kf3 Kf8 35. b3 cxb3 36. Nxb3 Ke7 37. Bd3 Nc4 38. Bxc4 Rxc4 39. Nd2 Ra4 40. Ke2 Ra2 41. Kd3 Bg1 42. h3 Bc5 43. h4 Ra1 44. Ke2 Ba3 45. Nc4 Ra2+ 46. Kf3 f6 47. Nce3 Bc5 48. Nd5+ Kd6 49. g4 Rd2 50. N1e3 Bxe3 51. Nxe3 Rd3 52. c4 Rd4 53. g5 Ke7 54. Nd5+ Kf7 55. Nb6 Rd3+ 56. Kg4 Re3 57. c5 Rxe4+ 58. Kg3 Rb4 59. Nd7 Rc4 60. gxf6 gxf6 61. h5 Ke7 0-1

[Event "Quebec-ch qual 2"]
[Site "Montreal CAN"]
[Date "2004.06.06"]
[Round "5"]
[White "Laptos, Kris"]
[Black "Bergeron, Marc"]
[Result "1/2-1/2"]
[WhiteElo "2260"]
[BlackElo "2018"]
[PlyCount "85"]
[GameId "2160767911096315"]
[EventDate "2004.06.04"]
[EventType "swiss"]
[EventRounds "5"]
[EventCountry "CAN"]

1. e4 Nc6 2. d4 d5 3. Nc3 dxe4 4. d5 Ne5 5. Bf4 Ng6 6. Bg3 a6 7. Nxe4 f5 8. Ng5 f4 9. Qf3 e5 10. h4 Nf6 11. h5 Bg4 12. Qd3 Nxh5 13. Nxh7 e4 14. Qxe4+ Qe7 15. Qxe7+ Bxe7 16. Bd3 Ne5 17. Be4 fxg3 18. f3 O-O-O 19. fxg4 Nf6 20. Bf5+ Kb8 21. g5 Nxd5 22. Ne2 Ne3 23. Be4 Bxg5 24. Nxg3 Bh6 25. Ke2 Nxc2 26. Rad1 Nd4+ 27. Ke1 Nc4 28. Ng5 Ne3 29. Nf7 Nxd1 30. Nxh8 Rxh8 31. Kxd1 Rd8 32. Ke1 Re8 33. Rh4 Ne6 34. Bg6 Rf8 35. Ne2 Rf6 36. Rg4 Be3 37. Kd1 Rf1+ 38. Kc2 Nf4 39. Nxf4 Bxf4 40. b4 Rf2+ 41. Kb3 Be5 42. a4 Rf4 43. Rxf4 1/2-1/2

[Event "Quebec-ch qual Estrie"]
[Site "Sherbrooke CAN"]
[Date "2004.05.15"]
[Round "1"]
[White "Dumoulin, Sylvain"]
[Black "Lanzilotta Mernies, Marcelo"]
[Result "1-0"]
[WhiteElo "1747"]
[BlackElo "1845"]
[PlyCount "51"]
[GameId "2160767911158312"]
[EventDate "2004.05.??"]
[EventType "swiss"]
[EventRounds "5"]
[EventCountry "CAN"]
[SourceTitle "EXT 2006"]
[Source "ChessBase"]
[SourceDate "2005.11.24"]
[SourceVersion "1"]
[SourceVersionDate "2005.11.24"]
[SourceQuality "1"]

1. Nc3 c5 2. e4 Nc6 3. g3 g6 4. Bg2 Bg7 5. d3 e6 6. Be3 Nd4 7. Nce2 Ne7 8. c3 Nxe2 9. Nxe2 d6 10. Qd2 Bd7 11. Bh6 Kf8 12. h4 Bc6 13. Bxg7+ Kxg7 14. h5 d5 15. O-O-O dxe4 16. hxg6 Nf5 17. Bxe4 Bxe4 18. dxe4 Qxd2+ 19. Rxd2 Ne7 20. Rxh7+ Kxg6 21. Rxh8 Rxh8 22. Rd7 Nc6 23. Rxb7 Rh2 24. Nf4+ Kf6 25. Rc7 Ne5 26. Rxc5 1-0

[Event "Quebec-ch qual Estrie"]
[Site "Sherbrooke CAN"]
[Date "2004.05.15"]
[Round "1"]
[White "Liard, Serge"]
[Black "Pilotte, Benoit"]
[Result "1/2-1/2"]
[WhiteElo "1980"]
[BlackElo "1805"]
[PlyCount "118"]
[GameId "2160767911158313"]
[EventDate "2004.05.??"]
[EventType "swiss"]
[EventRounds "5"]
[EventCountry "CAN"]
[SourceTitle "EXT 2006"]
[Source "ChessBase"]
[SourceDate "2005.11.24"]
[SourceVersion "1"]
[SourceVersionDate "2005.11.24"]
[SourceQuality "1"]

1. d4 f5 2. c4 Nf6 3. Nc3 e6 4. g3 Bb4 5. Bg2 c6 6. e3 d5 7. Qb3 Ba5 8. Nge2 O-O 9. O-O Ne4 10. f3 dxc4 11. Qxc4 Nd6 12. Qb3 Na6 13. Nf4 c5 14. dxc5 Nxc5 15. Qc2 g5 16. Nh3 Bb6 17. Rd1 g4 18. Nf2 gxf3 19. Bxf3 Qe7 20. b4 Nd7 21. Na4 Ne5 22. Bg2 Bd7 23. Nxb6 axb6 24. Qc7 Nef7 25. Bb2 Rac8 26. Qxb6 Bc6 27. Bxc6 Rxc6 28. Qd4 e5 29. Qd5 Nc4 30. Qd7 Qxd7 31. Rxd7 Nxb2 32. Rxb7 Nd6 33. Re7 Nbc4 34. a4 Ra8 35. Nd3 e4 36. Nc5 Nxe3 37. a5 Nd5 38. Re5 Nxb4 39. Nd7 Rca6 40. Rb1 Nc6 41. Re6 Nd4 42. Rf6 N6b5 43. Rb6 Rxa5 44. Nf6+ Kg7 45. Nh5+ Kf8 46. g4 Ra1 47. Rb8+ Rxb8 48. Rxa1 fxg4 49. Nf6 Nf3+ 50. Kf2 Kf7 51. Nxg4 h5 52. Nh6+ Ke6 53. Ra6+ Kd5 54. Nf5 Nxh2 55. Kg3 Nf1+ 56. Kf4 Rf8 57. Ra5 Kc4 58. Kxe4 Nc3+ 59. Ke5 Re8+ 1/2-1/2

[Event "Quebec-ch qual Estrie"]
[Site "Sherbrooke CAN"]
[Date "2004.05.16"]
[Round "2"]
[White "Lanzilotta Mernies, Marcelo"]
[Black "Liard, Serge"]
[Result "0-1"]
[WhiteElo "1845"]
[BlackElo "1980"]
[PlyCount "99"]
[GameId "2160767911158314"]
[EventDate "2004.05.??"]
[EventType "swiss"]
[EventRounds "5"]
[EventCountry "CAN"]
[SourceTitle "EXT 2006"]
[Source "ChessBase"]
[SourceDate "2005.11.24"]
[SourceVersion "1"]
[SourceVersionDate "2005.11.24"]
[SourceQuality "1"]

1. e4 c6 2. d4 d5 3. exd5 cxd5 4. c4 Nf6 5. Nc3 Nc6 6. Bf4 a6 7. c5 b5 8. Nf3 Bg4 9. Be2 e6 10. O-O Be7 11. h3 Bxf3 12. Bxf3 O-O 13. Re1 Nd7 14. a3 Bf6 15. Bd6 Re8 16. Ne2 Nf8 17. Qd3 Ng6 18. Bg3 Nge7 19. Bf4 Nf5 20. Be3 g6 21. g4 Nxe3 22. fxe3 e5 23. e4 exd4 24. exd5 Re3 25. Qxe3 dxe3 26. dxc6 Qc7 27. Rad1 Rd8 28. Rxd8+ Qxd8 29. Nf4 Qc7 30. Ne2 Qd8 31. Nf4 Qd2 32. Re2 Qc1+ 33. Kg2 Qxc5 34. Nd5 Kg7 35. Nxe3 Bd8 36. Nf1 Bb6 37. Ne3 a5 38. b4 axb4 39. axb4 Qd4 40. h4 Qxb4 41. Nd5 Qc5 42. Nxb6 Qxb6 43. Re7 Qc5 44. c7 Kf6 45. Rd7 Ke6 46. Rd5 Qc2+ 47. Kh3 b4 48. Rb5 Qxc7 49. Bd5+ Kd6 50. Bxf7 0-1

[Event "Quebec-ch qual Estrie"]
[Site "Sherbrooke CAN"]
[Date "2004.05.16"]
[Round "2"]
[White "Pilotte, Benoit"]
[Black "Dumoulin, Sylvain"]
[Result "1-0"]
[WhiteElo "1805"]
[BlackElo "1747"]
[PlyCount "77"]
[GameId "2160767911158315"]
[EventDate "2004.05.??"]
[EventType "swiss"]
[EventRounds "5"]
[EventCountry "CAN"]
[SourceTitle "EXT 2006"]
[Source "ChessBase"]
[SourceDate "2005.11.24"]
[SourceVersion "1"]
[SourceVersionDate "2005.11.24"]
[SourceQuality "1"]

1. f4 f5 2. e4 e5 3. exf5 Bc5 4. Qh5+ Kf8 5. fxe5 Qe7 6. Qe2 Nc6 7. Nf3 Nd4 8. Nxd4 Bxd4 9. c3 Bxe5 10. d4 Qh4+ 11. Kd1 Bf4 12. Bxf4 Qxf4 13. g3 Qxf5 14. Bg2 Nf6 15. Re1 Qe6 16. Qd3 Qb6 17. Qe3 Qe6 18. Qf2 Qg4+ 19. Bf3 Qg6 20. Nd2 d5 21. Bxd5 Bg4+ 22. Bf3 Bxf3+ 23. Qxf3 Qg4 24. Kc2 Qxf3 25. Nxf3 Re8 26. Ng5 c6 27. Kd3 h6 28. Rxe8+ Kxe8 29. Re1+ Kd7 30. Ne4 Nxe4 31. Rxe4 Rf8 32. Rf4 Rxf4 33. gxf4 Ke6 34. Ke4 b5 35. b3 g6 36. c4 b4 37. d5+ cxd5+ 38. cxd5+ Kd6 39. h4 1-0

[Event "Quebec-ch qual Estrie"]
[Site "Sherbrooke CAN"]
[Date "2004.05.16"]
[Round "3"]
[White "Lanzilotta Mernies, Marcelo"]
[Black "Pilotte, Benoit"]
[Result "1-0"]
[WhiteElo "1845"]
[BlackElo "1805"]
[PlyCount "51"]
[GameId "2160767911158316"]
[EventDate "2004.05.??"]
[EventType "swiss"]
[EventRounds "5"]
[EventCountry "CAN"]
[SourceTitle "EXT 2006"]
[Source "ChessBase"]
[SourceDate "2005.11.24"]
[SourceVersion "1"]
[SourceVersionDate "2005.11.24"]
[SourceQuality "1"]

1. e4 d6 2. d4 Nf6 3. Nc3 g6 4. Bd3 e5 5. Be3 Ng4 6. Qe2 Nxe3 7. Qxe3 Bg7 8. Nge2 Nc6 9. d5 Ne7 10. Bb5+ c6 11. Bc4 b5 12. Bb3 b4 13. Nd1 cxd5 14. exd5 O-O 15. O-O Ba6 16. Re1 Qa5 17. Qd2 Nf5 18. a3 Rab8 19. Ne3 Nxe3 20. Qxe3 bxa3 21. Nc3 Qb4 22. Rxa3 Bb5 23. Nxb5 Qxb5 24. Rxa7 f5 25. Qg5 e4 26. Qe7 1-0

[Event "Quebec-ch qual Estrie"]
[Site "Sherbrooke CAN"]
[Date "2004.05.16"]
[Round "3"]
[White "Liard, Serge"]
[Black "Dumoulin, Sylvain"]
[Result "1-0"]
[WhiteElo "1980"]
[BlackElo "1747"]
[PlyCount "133"]
[GameId "2160767911158317"]
[EventDate "2004.05.??"]
[EventType "swiss"]
[EventRounds "5"]
[EventCountry "CAN"]
[SourceTitle "EXT 2006"]
[Source "ChessBase"]
[SourceDate "2005.11.24"]
[SourceVersion "1"]
[SourceVersionDate "2005.11.24"]
[SourceQuality "1"]

1. Nf3 e6 2. e4 d5 3. exd5 exd5 4. d4 Bf5 5. Bd3 Bxd3 6. Qxd3 Bd6 7. O-O Nd7 8. Re1+ Ne7 9. Bg5 O-O 10. Na3 c6 11. c4 f6 12. c5 fxg5 13. cxd6 Ng6 14. Qd2 Rxf3 15. gxf3 Nf4 16. Nc2 Nb6 17. Ne3 Qd7 18. Ng2 Nc4 19. Qc3 Qxd6 20. Nxf4 Qxf4 21. b3 Nd6 22. Qe3 Rf8 23. Qxf4 Rxf4 24. Rad1 Kf7 25. Rd3 Nf5 26. Red1 Nh4 27. b4 Nxf3+ 28. Kg2 Nh4+ 29. Kf1 Nf5 30. h3 a6 31. a4 Nd6 32. R1d2 h5 33. Rc2 Nf5 34. Rcd2 Nd6 35. Ke1 g4 36. hxg4 Rxg4 37. Rf3+ Ke7 38. Rg3 Rh4 39. Re2+ Ne4 40. Rxg7+ Kf6 41. Rg1 Nc3 42. Re3 Rxd4 43. Rf3+ Ke5 44. Rg5+ Ke4 45. Rxc3 Rxb4 46. Rxh5 d4 47. Rh4+ Kd5 48. Ra3 c5 49. Rh5+ Kc4 50. Ra1 b6 51. a5 bxa5 52. Rc1+ Kb3 53. Rhxc5 a4 54. Rb1+ Ka3 55. Rxb4 Kxb4 56. Rc6 a5 57. Kd2 a3 58. Rb6+ Kc4 59. f4 a2 60. Rc6+ Kb3 61. Rc1 Kb2 62. f5 a1=Q 63. Rxa1 Kxa1 64. f6 a4 65. f7 a3 66. f8=Q a2 67. Kc1 1-0

[Event "Quebec-ch qual Estrie"]
[Site "Sherbrooke CAN"]
[Date "2004.05.22"]
[Round "4"]
[White "Lanzilotta Mernies, Marcelo"]
[Black "Dumoulin, Sylvain"]
[Result "1-0"]
[WhiteElo "1845"]
[BlackElo "1747"]
[PlyCount "37"]
[GameId "2160767911158318"]
[EventDate "2004.05.??"]
[EventType "swiss"]
[EventRounds "5"]
[EventCountry "CAN"]
[SourceTitle "EXT 2006"]
[Source "ChessBase"]
[SourceDate "2005.11.24"]
[SourceVersion "1"]
[SourceVersionDate "2005.11.24"]
[SourceQuality "1"]

1. e4 e6 2. d4 d5 3. e5 c5 4. c3 Nc6 5. Nf3 Qb6 6. Bd3 Bd7 7. O-O cxd4 8. cxd4 Nxd4 9. Nxd4 Qxd4 10. Nc3 Qxe5 11. Re1 Qb8 12. Nxd5 Bd6 13. Qg4 g6 14. Qd4 e5 15. f4 b6 16. b4 a5 17. fxe5 Bxb4 18. Nxb4 axb4 19. e6 1-0

[Event "Quebec-ch qual Estrie"]
[Site "Sherbrooke CAN"]
[Date "2004.05.22"]
[Round "4"]
[White "Pilotte, Benoit"]
[Black "Liard, Serge"]
[Result "0-1"]
[WhiteElo "1805"]
[BlackElo "1980"]
[PlyCount "72"]
[GameId "2160767911158319"]
[EventDate "2004.05.??"]
[EventType "swiss"]
[EventRounds "5"]
[EventCountry "CAN"]
[SourceTitle "EXT 2006"]
[Source "ChessBase"]
[SourceDate "2005.11.24"]
[SourceVersion "1"]
[SourceVersionDate "2005.11.24"]
[SourceQuality "1"]

1. d4 d5 2. Nf3 Nf6 3. g3 Bf5 4. Nh4 Be4 5. f3 Bg6 6. Bg5 Nbd7 7. Nxg6 hxg6 8. Nc3 c6 9. e4 dxe4 10. fxe4 Qa5 11. Qd2 e5 12. d5 Bb4 13. Bg2 Rc8 14. d6 a6 15. a3 Bxc3 16. bxc3 Qa4 17. Bxf6 Nxf6 18. O-O Rd8 19. Rxf6 gxf6 20. Rd1 Qxa3 21. d7+ Kf8 22. c4 Qc5+ 23. Kh1 Kg7 24. h4 Qxc4 25. Qd6 Qe6 26. Qc7 Qg4 27. Rd3 Qe2 28. Qd6 Qg4 29. Rf3 Qe6 30. Qd2 Qxd7 31. Qf2 Qd1+ 32. Kh2 Rd2 33. Qe3 Qxc2 34. Rxf6 Rxg2+ 35. Kh3 Rh2+ 36. Kg4 Qe2+ 0-1

[Event "Quebec-ch qual Estrie"]
[Site "Sherbrooke CAN"]
[Date "2004.05.23"]
[Round "5"]
[White "Dumoulin, Sylvain"]
[Black "Pilotte, Benoit"]
[Result "0-1"]
[WhiteElo "1747"]
[BlackElo "1805"]
[PlyCount "36"]
[GameId "2160767911158320"]
[EventDate "2004.05.??"]
[EventType "swiss"]
[EventRounds "5"]
[EventCountry "CAN"]
[SourceTitle "EXT 2006"]
[Source "ChessBase"]
[SourceDate "2005.11.24"]
[SourceVersion "1"]
[SourceVersionDate "2005.11.24"]
[SourceQuality "1"]

1. e4 d6 2. Nc3 g6 3. g3 Bg7 4. Bg2 e5 5. d3 Ne7 6. Be3 Be6 7. Qd2 h6 8. Nge2 a6 9. f4 Nbc6 10. O-O Nd4 11. Nc1 Qd7 12. Nd1 Bh3 13. c3 Bxg2 14. Kxg2 Ne6 15. f5 gxf5 16. exf5 Ng5 17. f6 Qc6+ 18. Kf2 Bxf6 0-1

[Event "Quebec-ch qual Estrie"]
[Site "Sherbrooke CAN"]
[Date "2004.05.23"]
[Round "5"]
[White "Liard, Serge"]
[Black "Lanzilotta Mernies, Marcelo"]
[Result "1/2-1/2"]
[WhiteElo "1980"]
[BlackElo "1845"]
[PlyCount "76"]
[GameId "2160767911158321"]
[EventDate "2004.05.??"]
[EventType "swiss"]
[EventRounds "5"]
[EventCountry "CAN"]
[SourceTitle "EXT 2006"]
[Source "ChessBase"]
[SourceDate "2005.11.24"]
[SourceVersion "1"]
[SourceVersionDate "2005.11.24"]
[SourceQuality "1"]

1. e4 c5 2. Nf3 Nf6 3. e5 Nd5 4. c4 Nc7 5. d4 cxd4 6. Nxd4 Nc6 7. Nxc6 bxc6 8. Bd3 g6 9. O-O Bg7 10. Qe2 O-O 11. Nc3 d5 12. exd6 exd6 13. Be4 d5 14. Rd1 Re8 15. Qc2 Qe7 16. Bd3 Bg4 17. f3 Bd4+ 18. Kh1 Qe1+ 19. Bf1 Bf5 20. Qd2 Bxc3 21. bxc3 Qxd2 22. Bxd2 Rab8 23. Bf4 Rb7 24. Bxc7 Rxc7 25. cxd5 cxd5 26. Rxd5 Rxc3 27. Rd2 Rec8 28. Kg1 Be6 29. a4 a5 30. Kf2 h5 31. Rd6 Rc2+ 32. Kg3 g5 33. h4 g4 34. Ra3 Bc4 35. Bxc4 R8xc4 36. Rd5 gxf3 37. Rg5+ Kf8 38. gxf3 Rc5 1/2-1/2